La juventud costarricense en la prensa escrita y las percepciones de la juventud sobre el tratamiento informativo del Diario Extra y La Nación en el 2007 /
Este artículo presenta los principales hallazgos encontrados en la investigación titulada "La juventud costarricense en la prensa escrita y las percepciones de la juventud sobre el tratamiento informativo del Diario Extra y La Nación en el 2007"; esta investigación se realizó en el marco d...
Guardado en:
| Autor principal: | |
|---|---|
| Formato: | Texto |
| Materias: | |
| Etiquetas: |
Agregar Etiqueta
Sin Etiquetas, Sea el primero en etiquetar este registro!
|
MARC
| LEADER | 00000 a a2200000 04500 | ||
|---|---|---|---|
| 001 | 44006 | ||
| 003 | |||
| 040 | |||
| 090 | |a REV0229 (152) 2008 | ||
| 100 | |a Solano Ramírez, Laura | ||
| 245 | |a La juventud costarricense en la prensa escrita y las percepciones de la juventud sobre el tratamiento informativo del Diario Extra y La Nación en el 2007 / |c Laura Solano Ramírez | ||
| 246 | |i Título monográfico: |a Perspectivas juveniles en Costa Rica | ||
| 520 | |a Este artículo presenta los principales hallazgos encontrados en la investigación titulada "La juventud costarricense en la prensa escrita y las percepciones de la juventud sobre el tratamiento informativo del Diario Extra y La Nación en el 2007"; esta investigación se realizó en el marco del Proyecto "Colectivo Latinoamericano de Jóvenes Promotores en Juventud", coordinado por FLACSO-Chile. Este proyecto consistió en un estudio sobre el tratamiento informativo realizado por los periódicos el Diario Extra y La Nación, relacionado con las/los jóvenes (entre los 18 y 30 años de edad) en Costa Rica, y fueron tomadas en cuenta las noticias desde el 1.° de enero hasta el 31 de diciembre de 2007. | ||
| 590 | |a RRA/NOVIEMBRE2012 | ||
| 650 | |a JUVENTUD | ||
| 650 | |a NOTICIAS DE PRENSA | ||
| 650 | |a ANALISIS DE CONTENIDO | ||
| 650 | |a EXTRA | ||
| 650 | |a LA NACION | ||
| 650 | |a COSTA RICA | ||
| 773 | |g número152 (2008), páginas 57-99 : tablas, gráficos | ||
| 999 | |c 22847 |d 22847 | ||
